00277nam a2200109Ia 4500008004100000100002000041245004900061260002100110650001200131942000700143999001700150190216s9999||||xx |||||||||||||| ||und|| aHenry N Andrews 0aImmunological Tolerance To Self And Non Self bBhasha Institute aEnglish cBK c13109d13109